000 00365nam a2200133Ia 4500
005 20260328104322.0
008 260328s9999||||xx |||||||||||||| ||und||
100 _ade Anda Alanís, Enrique Xavier
245 0 _aLuis Barragan .Clasica del Silencio /
_cEnrique Xavier de Anda Alanís
260 _bEscala
300 _a239 p.
650 _aARQUITECTURA
942 _cBK
999 _c11390
_d11390